000 00995cam a22002531i 4500
003 SA-RiAUC
005 20241209130816.0
008 241206q19001999ae f 000 0 ara c
040 _aSA-JeALM
_bara
_cSA-RiAUC
_erda
043 _af-ae---
082 0 4 _a345.650773
090 _a345.650773
_b ف ر ج
100 1 _aفرج، رضا
_eمؤلف.
245 1 0 _aشرح قانون العقوبات الجزائري /
_bالكتاب الاول قانون العقوبات القسم العام
_cرضا فرج.
246 3 0 _aقانون العقوبات الجزائري
264 1 _aالجزائر :
_bالشركة الوطنية للنشر والتوزيع،
_c[بين 1900 و1999]
300 _a456 صفحة ؛
_c24 سم
336 _aنص
_btxt
_2rdacontent
_3كتاب
337 _aبدون وسيط
_bn
_2rdamedia
338 _aمجلد
_bnc
_2rdacarrier
650 7 _aقانون العقوبات
_zالجزائر
_2aucsh
942 _2ddc
_cBOOK
_n0
949 _aSA-JeALM
_d241206
_uosman123
_n1
999 _c3165
_d3165